II Jornadas de Teatro Clásico Español (Record no. 84974)

MARC details
000 -LEADER
campo de control de longitud fija 00620nam a2200181 i 4500
001 - NÚMERO DE CONTROL
campo de control 84974
003 - IDENTIFICADOR DE NÚMERO DE CONTROL
campo de control ES-MaACL
005 - FECHA Y HORA DE LA ÚLTIMA TRANSACCIÓN
campo de control 20250824051634.0
007 - CAMPO FIJO DE DESCRIPCIÓN FÍSICA--INFORMACIÓN GENERAL
campo de control de longitud fija t|
008 - DATOS DE LONGITUD FIJA--INFORMACIÓN GENERAL
campo de control de longitud fija 041124s1980 sp ||||1| spa d
111 2# - ENTRADA PRINCIPAL--NOMBRE DE CONGRESO/REUNIÓN
Nombre de congreso/reunión o jurisdicción como elemento de entrada Jornadas de Teatro Clásico Español
Número del congreso/reunión o número de parte o sección (2ª.
Fecha del congreso o de la firma del tratado 1979.
Sede del congreso/Lugar de la reunión Almagro)
9 (RLIN) 818
245 10 - MENCIÓN DEL TÍTULO
Título II Jornadas de Teatro Clásico Español
Resto del título : Almagro 1979 /
Mención de responsabilidad, etc. coordinador, Francisco Ruiz Ramón.
260 ## - PUBLICACIÓN, DISTRIBUCIÓN, ETC.
Lugar de publicación, distribución, etc. [Madrid :
Nombre del editor, distribuidor, etc. Dirección General de Música y Teatro,
Fecha de publicación, distribución, etc. 1980]
300 ## - DESCRIPCIÓN FÍSICA
Extensión 348 p. ;
Dimensiones 18 cm.
700 1# - ENTRADA AGREGADA--NOMBRE PERSONAL
Nombre de persona Ruiz Ramón, Francisco.
9 (RLIN) 180662
852 ## - LOCALIZACIÓN
Ubicación ES-MaACL
Número de control de estantería L-624
Sublocalización o colección R.100870
Holdings
Estatus retirado Estado de pérdida Estado de daño No para préstamo Biblioteca de origen Biblioteca actual Ubicación en estantería Fecha de adquisición Fuente de adquisición Total de préstamos Signatura topográfica completa Código de barras Visto por última vez Precio de reemplazo Tipo de ítem Koha
        Biblioteca del Ateneo de Madrid Biblioteca del Ateneo de Madrid Depósito 2 17/01/2008     L-624 1088799 23/02/2023 23/02/2023 Libro impreso